000 00423nam a22001697a 4500
005 20251108172559.0
008 250721s9999 xx 000 0 eng d
082 1 4 _a571.6TOB
100 1 _aTobin, Allan J
245 1 0 _aAsking About Cells /
264 1 _aLondon :
_bSaunders College Publishing,
300 _a753p
650 1 7 _aCells
700 1 _aMorel, Richard E
_eJoint Author
942 _2ddc
_cBK
999 _c83096
_d83096